| 000 | 00513nam a2200157 a 4500 | ||
|---|---|---|---|
| 001 | 000008717 | ||
| 005 | 20200929161408.0 | ||
| 008 | 090918s1997 dr 000 0 spa d | ||
| 040 | _aDO-SdBNP | ||
| 082 |
_axxx _bA676n |
||
| 100 | 1 |
_aArdanaz, Francisco X. _923214 |
|
| 245 | 1 | 0 |
_aNacido de nuevo : _buna perspectiva existencialista / _cFrancisco X. Ardanaz. |
| 260 |
_aSanto Domingo : _bEfi-Graf Publicidad, _c1997. |
||
| 300 |
_a75 p. ; _c23 cm. |
||
| 500 | _aIncluye datos biográficos del autor en la contracubierta | ||
| 999 |
_c8487 _d8487 |
||